[Event "BCF-chT 0708 (4NCL)"]
[Site "Sunningdale"]
[Date "2007.09.15"]
[Round "1.5"]
[White "Cooksey, Paul S"]
[Black "Law, Andrew P"]
[Result "1/2-1/2"]
[WhiteElo "2245"]
[BlackElo "2301"]
[PlyCount "36"]
[EventDate "2007.09.15"]
[EventType "team-tourn"]
[EventRounds "11"]
[EventCountry "ENG"]
[SourceTitle "EXT 2008"]
[Source "ChessBase"]
[SourceDate "2007.11.25"]
[SourceVersion "1"]
[SourceVersionDate "2007.11.25"]
[SourceQuality "1"]
[WhiteTeam "Guildford II"]
[BlackTeam "Wood Green London"]
[WhiteTeamCountry "ENG"]
[BlackTeamCountry "ENG"]

1. Nf3 d5 2. c4 d4 3. g3 c5 4. Bg2 Nc6 5. 0-0 e5 6. d3 Bd6 7. e3 Nge7 8. exd4 cxd4 9. a3 a5 10. Nbd2 0-0 11. Rb1 a4 12. Ne4 Bb8 13. Bd2 b6 14. b4 axb3 15. Qxb3 Ra6 16. Rfe1 h6 17. c5 Bc7 18. h3 Kh8 1/2-1/2

[Event "BCF-chT 0607 (4NCL)"]
[Site "Sunningdale"]
[Date "2007.05.07"]
[Round "11.5"]
[White "Richardson, John R"]
[Black "Law, Andrew P"]
[Result "1/2-1/2"]
[WhiteElo "2298"]
[BlackElo "2301"]
[PlyCount "52"]
[EventDate "2006.09.16"]
[EventType "team-tourn"]
[EventRounds "11"]
[EventCountry "ENG"]
[SourceTitle "EXT 2008"]
[Source "ChessBase"]
[SourceDate "2007.11.25"]
[SourceVersion "1"]
[SourceVersionDate "2007.11.25"]
[SourceQuality "1"]
[WhiteTeam "The ADS"]
[BlackTeam "Wood Green"]
[WhiteTeamCountry "ENG"]
[BlackTeamCountry "ENG"]

1. d4 Nf6 2. c4 e6 3. Nc3 Bb4 4. e3 0-0 5. Bd3 d5 6. Nf3 c5 7. 0-0 Nc6 8. a3 Bxc3 9. bxc3 dxc4 10. Bxc4 Qc7 11. Bd3 e5 12. e4 cxd4 13. cxd4 exd4 14. Bg5 Qd6 15. h3 Bd7 16. Qd2 Rac8 17. Bf4 Qc5 18. e5 Nd5 19. Bg3 h6 20. Nh4 Rfe8 21. Rfe1 Nc3 22. Qf4 Ne7 23. a4 Ncd5 24. Qe4 g6 25. Bf4 Nf5 26. Bd2 Nc3 1/2-1/2

[Event "BCF-chT 0607 (4NCL)"]
[Site "Sunningdale"]
[Date "2007.03.04"]
[Round "8.7"]
[White "Law, Andrew P"]
[Black "Lalic, Susan"]
[Result "1/2-1/2"]
[WhiteElo "2303"]
[BlackElo "2348"]
[PlyCount "20"]
[EventDate "2006.09.16"]
[EventType "team-tourn"]
[EventRounds "11"]
[EventCountry "ENG"]
[SourceTitle "EXT 2008"]
[Source "ChessBase"]
[SourceDate "2007.11.25"]
[SourceVersion "1"]
[SourceVersionDate "2007.11.25"]
[SourceQuality "1"]
[WhiteTeam "Wood Green"]
[BlackTeam "Guildford II"]
[WhiteTeamCountry "ENG"]
[BlackTeamCountry "ENG"]

1. Nf3 Nf6 2. c4 c5 3. Nc3 Nc6 4. g3 g6 5. Bg2 Bg7 6. 0-0 0-0 7. d4 cxd4 8. Nxd4 Nxd4 9. Qxd4 d6 10. Qd3 Nd7 1/2-1/2

[Event "Ghent op 28th"]
[Site "Ghent"]
[Date "2005.07.18"]
[Round "6"]
[White "Law, Andrew P"]
[Black "Seger, Ruediger"]
[Result "1/2-1/2"]
[WhiteElo "2303"]
[BlackElo "2413"]
[PlyCount "26"]
[EventDate "2005.07.16"]
[EventType "swiss"]
[EventRounds "9"]
[EventCountry "BEL"]
[SourceTitle "CBM 107 Extra"]
[Source "ChessBase"]
[SourceDate "2005.09.01"]
[SourceVersion "1"]
[SourceVersionDate "2005.09.01"]
[SourceQuality "1"]

1. Nf3 Nf6 2. c4 g6 3. Nc3 d5 4. Qa4+ c6 5. cxd5 Nxd5 6. Qd4 f6 7. e4 e5 8. Nxe5 Nxc3 9. Qxc3 Qe7 10. Nf3 Qxe4+ 11. Be2 Nd7 12. 0-0 Bb4 13. Qe3 Qxe3 1/2-1/2

[Event "BCF-chT 0304 (4NCL)"]
[Site "West Bromwich"]
[Date "2004.05.01"]
[Round "7.5"]
[White "Gallagher, Joseph G"]
[Black "Law, Andrew P"]
[Result "1-0"]
[WhiteElo "2531"]
[BlackElo "2310"]
[PlyCount "33"]
[EventDate "2003.10.18"]
[EventType "team-tourn"]
[EventRounds "11"]
[EventCountry "ENG"]
[SourceTitle "EXT 2005"]
[Source "ChessBase"]
[SourceDate "2004.11.15"]
[SourceVersion "1"]
[SourceVersionDate "2004.11.15"]
[SourceQuality "1"]
[WhiteTeam "Guildford"]
[BlackTeam "Wood Green II"]
[WhiteTeamCountry "ENG"]
[BlackTeamCountry "ENG"]

1. e4 e5 2. Nf3 Nc6 3. Nc3 Nf6 4. Bb5 Nd4 5. 0-0 Nxb5 6. Nxb5 d6 7. d4 exd4 8. Qxd4 Be7 9. e5 dxe5 10. Qxe5 0-0 11. Bg5 a6 12. Rad1 Bd7 13. Nxc7 Rc8 14. Rfe1 h6 15. Bf4 Bb4 16. c3 Ne8 17. Nxe8 1-0

[Event "BCF-chT 0203 (4NCL)"]
[Site "West Bromwich"]
[Date "2003.05.05"]
[Round "11.5"]
[White "Alfred, Nathan"]
[Black "Law, Andrew P"]
[Result "1/2-1/2"]
[WhiteElo "2325"]
[BlackElo "2320"]
[PlyCount "153"]
[EventDate "2002.11.??"]
[EventType "team-tourn"]
[EventRounds "11"]
[EventCountry "ENG"]
[SourceTitle "EXT 2004"]
[Source "ChessBase"]
[SourceDate "2003.11.25"]
[SourceVersion "1"]
[SourceVersionDate "2003.11.25"]
[SourceQuality "1"]
[WhiteTeam "The ADS"]
[BlackTeam "Wood Green II"]
[WhiteTeamCountry "ENG"]
[BlackTeamCountry "ENG"]

1. d4 Nf6 2. Nf3 d5 3. c4 e6 4. Nc3 c6 5. Bg5 Nbd7 6. cxd5 exd5 7. e3 Be7 8. Bd3 h6 9. Bh4 0-0 10. Qc2 Re8 11. h3 Ne4 12. Bxe7 Qxe7 13. 0-0 Nf8 14. b4 Ng6 15. b5 Nh4 16. Nxh4 Qxh4 17. bxc6 bxc6 18. Nxe4 dxe4 19. Bc4 c5 20. Rfd1 cxd4 21. Rxd4 Qg5 22. Kh2 Qe5+ 23. g3 Bf5 24. Rad1 Rac8 25. Qb3 Be6 26. Bxe6 Rxe6 27. Qb7 Rc2 28. R1d2 Rxd2 29. Rxd2 Re7 30. Qd5 g6 31. Qxe5 Rxe5 32. Rd4 h5 33. Ra4 a5 34. g4 hxg4 35. hxg4 Kg7 36. Kg3 Kf6 37. Rc4 g5 38. Kg2 Ke6 39. Kf1 f6 40. Rc6+ Ke7 41. a4 Rd5 42. Ke2 Kf7 43. Rc4 Re5 44. Kd2 f5 45. gxf5 Rxf5 46. Ke2 Re5 47. Rc6 Ke7 48. Kf1 Kd7 49. Ra6 Rc5 50. Kg2 Ke7 51. Kg3 Rf5 52. Rc6 Rf3+ 53. Kg2 Rf5 54. Rc4 Re5 55. Kg3 Kf6 56. Kg4 Kg6 57. Rc6+ Kf7 58. Rb6 Rd5 59. Ra6 Rc5 60. Ra7+ Kf6 61. Ra6+ Kf7 62. Rd6 Re5 63. Rd4 Kf6 64. Rd7 Rc5 65. Ra7 Rd5 66. Ra8 Kf7 67. Rh8 Rc5 68. Rh6 Rd5 69. Rc6 Re5 70. Rc4 Kf6 71. Rd4 Kf7 72. Kh5 Kf6 73. Rd6+ Kf7 74. Rg6 Rf5 75. Rxg5 Rxf2 76. Re5 Kf6 77. Rxe4 1/2-1/2

[Event "BCF-chT 0102 (4NCL)"]
[Site "Birmingham"]
[Date "2002.03.24"]
[Round "8.7"]
[White "Naylor, John"]
[Black "Law, Andrew P"]
[Result "1/2-1/2"]
[WhiteElo "2229"]
[BlackElo "2302"]
[PlyCount "30"]
[EventDate "2001.09.22"]
[EventType "team-tourn"]
[EventRounds "11"]
[EventCountry "ENG"]
[SourceTitle "CBM 084 Extra"]
[Source "ChessBase"]
[SourceDate "2001.10.26"]
[SourceVersion "1"]
[SourceVersionDate "2001.10.26"]
[SourceQuality "1"]
[WhiteTeam "Midland Monarchs"]
[BlackTeam "Wood Green II"]
[WhiteTeamCountry "ENG"]
[BlackTeamCountry "ENG"]

1. e4 c5 2. Nf3 Nc6 3. Bb5 g6 4. 0-0 Bg7 5. c3 Nf6 6. d4 Nxe4 7. d5 Nb8 8. Re1 Nd6 9. Bd3 0-0 10. Bf4 Na6 11. Qe2 Bf6 12. h4 Nc7 13. Bh6 Nxd5 14. Bxf8 Qxf8 15. g3 b6 1/2-1/2

[Event "BCF-chT 0102 (4NCL)"]
[Site "Birmingham"]
[Date "2001.09.23"]
[Round "2.4"]
[White "Law, Andrew P"]
[Black "Turner, Matthew"]
[Result "1/2-1/2"]
[WhiteElo "2286"]
[BlackElo "2511"]
[PlyCount "57"]
[EventDate "2001.09.22"]
[EventType "team-tourn"]
[EventRounds "11"]
[EventCountry "ENG"]
[SourceTitle "CBM 084 Extra"]
[Source "ChessBase"]
[SourceDate "2001.10.26"]
[SourceVersion "1"]
[SourceVersionDate "2001.10.26"]
[SourceQuality "1"]
[WhiteTeam "Wood Green II"]
[BlackTeam "Wood Green"]
[WhiteTeamCountry "ENG"]
[BlackTeamCountry "ENG"]

1. Nf3 Nf6 2. c4 c6 3. d4 d5 4. cxd5 cxd5 5. Nc3 Nc6 6. Bf4 e6 7. e3 a6 8. Bd3 Bd6 9. Bxd6 Qxd6 10. 0-0 0-0 11. Rc1 Bd7 12. a3 Rac8 13. b4 e5 14. b5 axb5 15. Nxb5 Qb8 16. dxe5 Nxe5 17. Nxe5 Bxb5 18. Bxb5 Rxc1 19. Qxc1 Qxe5 20. h3 Ne4 21. Qc2 Qc3 22. Bd3 Qxc2 23. Bxc2 Nc3 24. Ra1 f5 25. Kf1 f4 26. Ke1 fxe3 27. fxe3 Re8 28. Kd2 Ne4+ 29. Bxe4 1/2-1/2

[Event "BCF-chT 9900 (4NCL)"]
[Site "Birmingham"]
[Date "2000.05.01"]
[Round "11.4"]
[White "Webb, Laurence"]
[Black "Law, Andrew P"]
[Result "1-0"]
[WhiteElo "2241"]
[BlackElo "2304"]
[PlyCount "42"]
[EventDate "1999.10.??"]
[EventType "team-tourn"]
[EventRounds "11"]
[EventCountry "ENG"]
[SourceTitle "EXT 2000"]
[Source "ChessBase"]
[SourceDate "1999.11.16"]
[SourceVersion "1"]
[SourceVersionDate "1999.11.16"]
[SourceQuality "1"]
[WhiteTeam "Richmond"]
[BlackTeam "Wood Green II"]
[WhiteTeamCountry "ENG"]
[BlackTeamCountry "ENG"]

1. e4 c5 2. Nf3 e6 3. c3 d5 4. e5 d4 5. Bd3 Nc6 6. 0-0 Nge7 7. Be4 Bd7 8. d3 Ng6 9. Na3 Be7 10. cxd4 cxd4 11. Nc4 b5 12. Na3 Rb8 13. Nc2 Rb6 14. Ncxd4 Nxd4 15. Nxd4 Nxe5 16. Bf4 Ng6 17. Be3 0-0 18. Nb3 Ra6 19. Nc5 Bxc5 20. Bxc5 Re8 21. Bb7 Qg5 1-0

[Event "BCF-chT2 9899 (4NCL)"]
[Site "England"]
[Date "1999.05.03"]
[Round "11.1"]
[White "Harley, Andrew D"]
[Black "Law, Andrew P"]
[Result "1/2-1/2"]
[WhiteElo "2305"]
[BlackElo "2328"]
[PlyCount "25"]
[EventDate "1998.10.??"]
[EventType "team-tourn"]
[EventRounds "11"]
[EventCountry "ENG"]
[SourceTitle "EXT 2000"]
[Source "ChessBase"]
[SourceDate "1999.11.16"]
[SourceVersion "1"]
[SourceVersionDate "1999.11.16"]
[SourceQuality "1"]
[WhiteTeam "Coulsdon"]
[BlackTeam "Wood Green II"]
[WhiteTeamCountry "ENG"]
[BlackTeamCountry "ENG"]

1. e4 e5 2. Nf3 Nc6 3. Bb5 a6 4. Ba4 Nf6 5. 0-0 Nxe4 6. d4 b5 7. Bb3 d5 8. dxe5 Be6 9. Nbd2 Nc5 10. c3 d4 11. Ng5 Bd5 12. Nxf7 Kxf7 13. Qf3+ 1/2-1/2

[Event "BCF-chT2 9899 (4NCL)"]
[Site "England"]
[Date "1999.03.21"]
[Round "8.1"]
[White "Williams, Leighton"]
[Black "Law, Andrew P"]
[Result "1/2-1/2"]
[WhiteElo "2285"]
[BlackElo "2328"]
[PlyCount "46"]
[EventDate "1998.10.??"]
[EventType "team-tourn"]
[EventRounds "11"]
[EventCountry "ENG"]
[SourceTitle "EXT 2000"]
[Source "ChessBase"]
[SourceDate "1999.11.16"]
[SourceVersion "1"]
[SourceVersionDate "1999.11.16"]
[SourceQuality "1"]
[WhiteTeam "Nidum Knights"]
[BlackTeam "Wood Green II"]
[WhiteTeamCountry "ENG"]
[BlackTeamCountry "ENG"]

1. c4 e5 2. Nc3 Nf6 3. g3 Bb4 4. Bg2 0-0 5. d3 Bxc3+ 6. bxc3 Re8 7. Nh3 h6 8. 0-0 c6 9. d4 d6 10. f3 c5 11. d5 Nbd7 12. e4 Qa5 13. Qd3 Nb6 14. f4 exf4 15. Bxf4 Nxe4 16. Bxe4 Bxh3 17. Rf2 Qa4 18. Qf3 Qxc4 19. Bxh6 Re7 20. Re1 f5 21. Qh5 Rxe4 22. Rxe4 Qxe4 23. Qxh3 gxh6 1/2-1/2

[Event "BCF-chT2 9899 (4NCL)"]
[Site "England"]
[Date "1999.03.20"]
[Round "7.1"]
[White "Law, Andrew P"]
[Black "Kinsman, Andrew PH"]
[Result "0-1"]
[WhiteElo "2328"]
[BlackElo "2369"]
[PlyCount "46"]
[EventDate "1998.10.??"]
[EventType "team-tourn"]
[EventRounds "11"]
[EventCountry "ENG"]
[SourceTitle "EXT 2000"]
[Source "ChessBase"]
[SourceDate "1999.11.16"]
[SourceVersion "1"]
[SourceVersionDate "1999.11.16"]
[SourceQuality "1"]
[WhiteTeam "Wood Green II"]
[BlackTeam "Guildford"]
[WhiteTeamCountry "ENG"]
[BlackTeamCountry "ENG"]

1. d4 Nf6 2. c4 c5 3. d5 b5 4. cxb5 a6 5. bxa6 g6 6. Nc3 Bxa6 7. e4 Bxf1 8. Kxf1 d6 9. Nf3 Bg7 10. h3 0-0 11. Kg1 Na6 12. Kh2 Qb6 13. Re1 Nb4 14. Re2 Qa6 15. Be3 Nd7 16. Bd2 Rfb8 17. b3 c4 18. bxc4 Qxc4 19. Rc1 Nd3 20. Rc2 N7e5 21. Nxe5 Bxe5+ 22. g3 Rc8 23. f4 Bd4 0-1

[Event "BCF-chT2 9899 (4NCL)"]
[Site "England"]
[Date "1999.01.23"]
[Round "5.1"]
[White "Law, Andrew P"]
[Black "Jakubovics, Nick S"]
[Result "1/2-1/2"]
[WhiteElo "2328"]
[BlackElo "2210"]
[PlyCount "55"]
[EventDate "1998.10.??"]
[EventType "team-tourn"]
[EventRounds "11"]
[EventCountry "ENG"]
[SourceTitle "EXT 2000"]
[Source "ChessBase"]
[SourceDate "1999.11.16"]
[SourceVersion "1"]
[SourceVersionDate "1999.11.16"]
[SourceQuality "1"]
[WhiteTeam "Wood Green II"]
[BlackTeam "Bristol II"]
[WhiteTeamCountry "ENG"]
[BlackTeamCountry "ENG"]

1. d4 d5 2. c4 e6 3. Nc3 c6 4. Nf3 Nf6 5. e3 Nbd7 6. Qc2 Bd6 7. Bd3 dxc4 8. Bxc4 b5 9. Be2 Bb7 10. 0-0 0-0 11. b3 Rc8 12. Bb2 a6 13. Ne4 Nxe4 14. Qxe4 Qe7 15. Rac1 f5 16. Qb1 e5 17. dxe5 Nxe5 18. Nxe5 Bxe5 19. Bxe5 Qxe5 20. Bf3 Rf7 21. b4 c5 22. Bxb7 Rxb7 23. bxc5 Rxc5 24. Qb3+ Rf7 25. Rfd1 g6 26. g3 Rxc1 27. Rxc1 Kg7 28. Qb4 1/2-1/2

[Event "BCF-chT2 9899 (4NCL)"]
[Site "England"]
[Date "1998.10.24"]
[Round "1.1"]
[White "Law, Andrew P"]
[Black "Hunt, Adam"]
[Result "1/2-1/2"]
[WhiteElo "2325"]
[BlackElo "2265"]
[PlyCount "47"]
[EventDate "1998.10.??"]
[EventType "team-tourn"]
[EventRounds "11"]
[EventCountry "ENG"]
[SourceTitle "EXT 2000"]
[Source "ChessBase"]
[SourceDate "1999.11.16"]
[SourceVersion "1"]
[SourceVersionDate "1999.11.16"]
[SourceQuality "1"]
[WhiteTeam "Wood Green II"]
[BlackTeam "Witney"]
[WhiteTeamCountry "ENG"]
[BlackTeamCountry "ENG"]

1. d4 Nf6 2. Nf3 g6 3. c3 Bg7 4. Bg5 0-0 5. Nbd2 d5 6. e3 Nbd7 7. Be2 c5 8. 0-0 b6 9. b4 c4 10. a4 a5 11. b5 Bb7 12. h3 Ne8 13. Qc2 f6 14. Bh4 Nd6 15. Bg3 e5 16. Qa2 Kh8 17. Bh2 Re8 18. Rad1 Qe7 19. Qa3 Bf8 20. Qc1 Rac8 21. Qc2 Bh6 22. Kh1 Nf5 23. dxe5 fxe5 24. e4 1/2-1/2

[Event "Berliner Sommer 16th"]
[Site "Berlin"]
[Date "1998.??.??"]
[Round "4"]
[White "Law, Andrew P"]
[Black "Muse, Mladen"]
[Result "0-1"]
[WhiteElo "2325"]
[BlackElo "2440"]
[PlyCount "46"]
[EventDate "1998.08.08"]
[EventType "swiss"]
[EventRounds "9"]
[EventCountry "GER"]
[SourceTitle "CBM 066 Extra"]
[Source "ChessBase"]
[SourceDate "1998.11.06"]
[SourceVersion "1"]
[SourceVersionDate "1998.11.06"]
[SourceQuality "1"]

1. d4 Nf6 2. c4 g6 3. Nc3 Bg7 4. e4 d6 5. f4 0-0 6. Nf3 e5 7. dxe5 dxe5 8. Qxd8 Rxd8 9. Nxe5 Nxe4 10. Nxe4 f6 11. Nxf6+ Bxf6 12. Be3 Nc6 13. Nxc6 bxc6 14. Rd1 Re8 15. Kf2 Bxb2 16. Be2 Rb8 17. Bf3 Bc3 18. Bxc6 Rb2+ 19. Kf3 Bg4+ 20. Kxg4 Rxe3 21. Rd7 Bf6 22. Bd5+ Kh8 23. Bf3 Rxg2+ 0-1

[Event "BCF-chT 9798 (4NCL)"]
[Site "England"]
[Date "1997.11.22"]
[Round "3.8"]
[White "Barnes, Michael"]
[Black "Law, Andrew P"]
[Result "1/2-1/2"]
[WhiteElo "2260"]
[BlackElo "2330"]
[PlyCount "65"]
[EventDate "1997.11.??"]
[EventType "team-tourn"]
[EventRounds "11"]
[EventCountry "ENG"]
[SourceTitle "CBM 064 Extra"]
[Source "ChessBase"]
[SourceDate "1998.07.07"]
[SourceVersion "1"]
[SourceVersionDate "1998.07.07"]
[SourceQuality "1"]
[WhiteTeam "Midland Monarchs"]
[BlackTeam "Wood Green"]
[WhiteTeamCountry "ENG"]
[BlackTeamCountry "ENG"]

1. e4 e5 2. Nf3 Nc6 3. Bb5 a6 4. Ba4 Nf6 5. 0-0 Bc5 6. c3 b5 7. Bb3 d6 8. d4 Bb6 9. Be3 0-0 10. Nbd2 h6 11. h3 Bb7 12. d5 Ne7 13. Bxb6 cxb6 14. Nh4 Bc8 15. Qf3 Ra7 16. a4 bxa4 17. Rxa4 b5 18. Ra3 Qb6 19. Rfa1 Nh7 20. Qe3 Qxe3 21. fxe3 Rc7 22. Nhf3 Nf6 23. Bc2 Nd7 24. b4 Nb6 25. Bd3 Bb7 26. Nxe5 dxe5 27. d6 Rd7 28. dxe7 Rxe7 29. Nb3 Na4 30. Rxa4 bxa4 31. Rxa4 Rd8 32. Nc5 Rc7 33. Bxa6 1/2-1/2

[Event "BCF-chT 9697 (4NCL)"]
[Site "England"]
[Date "1997.02.22"]
[Round "7.6"]
[White "Collier, David"]
[Black "Law, Andrew P"]
[Result "1/2-1/2"]
[WhiteElo "2225"]
[BlackElo "2370"]
[PlyCount "61"]
[EventDate "1996.10.??"]
[EventType "team-tourn"]
[EventRounds "12"]
[EventCountry "ENG"]
[SourceTitle "EXT 1999"]
[Source "ChessBase"]
[SourceDate "1998.11.16"]
[SourceVersion "1"]
[SourceVersionDate "1998.11.16"]
[SourceQuality "1"]
[WhiteTeam "Bristol"]
[BlackTeam "Wood Green"]
[WhiteTeamCountry "ENG"]
[BlackTeamCountry "ENG"]

1. d4 d5 2. Bg5 h6 3. Bh4 c6 4. Nf3 Qb6 5. b3 Bf5 6. e3 e6 7. Bd3 Bxd3 8. Qxd3 Nd7 9. 0-0 Be7 10. Bxe7 Nxe7 11. c4 0-0 12. Nc3 Rad8 13. Rfc1 Qa5 14. Rab1 e5 15. b4 dxc4 16. Qxc4 Qc7 17. Qb3 exd4 18. Nb5 Qb8 19. Nbxd4 Qd6 20. Rd1 Qf6 21. Qc2 Rfe8 22. Nb3 Ne5 23. Nxe5 Qxe5 24. h3 Rd5 25. Na5 Qc7 26. e4 Rxd1+ 27. Rxd1 b6 28. Nb3 Rd8 29. g3 Rd7 30. Kg2 Qd8 31. Rd2 1/2-1/2